00338 a2200121 450000100060000010000130000624500400001926000160005909000150007594200230009099900190011395200840013211220 aVali, F. aPolitics of the Indian oceen Region abPreagerc c8772d8772 aNUST-CAEcMc35569 c246293d246293 001040708NFICaCAEbCAEd2017-04-03l0pCAE49793r2017-04-05w2017-04-05yBK